00220nam a2200097Ia 4500008004100000100000800041245002400049260001300073260001900086999001700105170620s9999 xx 000 0 und d aSCC 0aSUPREME COURT CASES b"LUCHNOW c EASTERN BOOK" c29551d29551